00509nam a22001697a 450000500170000001000150001702000260003203500230005803700130008108200150009410000090010924500640011826000450018227000600022730000290028770000230031620180710132225.0 aENG-100082 a9780195698435c180.00 aEN-83614, B-163281 bDBAD/PUB a894.811371 aBama aSangati events /cby Bama : translated by Lakshmi Holmstorm aNew DelhibOxford University Pressc2008 aYMCA Library Building Jai Singh RoadbNew Delhie110001 axxiii, 126p.c22cm (pbk) aHolmstorm, Lakshmi